Tendencie v stratégii medzinárodného marketingu

Štandardizácia medzinárodného riadenia marketingu. Adaptácia podľa lokálnych špecifík zahrahičných trhov. Imperatívy a tendencie v rámci medzinárodného marketingu. 1. Potreba nasledovať komplikovaný vývoj medzinárodného prostredia a špecifiká krajín, s ktorými chce podnik spolupracovať. 2. Potreba z...

Descrizione completa

Salvato in:
Dettagli Bibliografici
Autore principale: Urban, Eduard
Natura: Capitolo di libro
Lingua:slovacco
Soggetti:
Tags: Aggiungi Tag
Nessun Tag, puoi essere il primo ad aggiungerne!!

MARC

LEADER 00000naa$a2200000$$$4500
001 0019111
005 20221104075825.3
041 0 |a slo 
044 |a SK 
245 1 0 |a Tendencie v stratégii medzinárodného marketingu  |c Eduard Urban 
520 |a Štandardizácia medzinárodného riadenia marketingu. Adaptácia podľa lokálnych špecifík zahrahičných trhov. Imperatívy a tendencie v rámci medzinárodného marketingu. 1. Potreba nasledovať komplikovaný vývoj medzinárodného prostredia a špecifiká krajín, s ktorými chce podnik spolupracovať. 2. Potreba zvoliť si formu vstupu na trh. 3. Prehodnotenie domácej marketingovej politiky na úrovni jednej alebo viacerých krajín. 4. Potreba implementovať štruktúry pre potreby medzinárodného marketingu. 
610 2 0 |a marketing medzinárodný 
610 2 0 |a štandardizácia 
610 2 0 |a riadenie 
610 2 0 |a adaptácia 
610 2 0 |a trh zahraničný 
100 1 |a Urban, Eduard